• 首页
  • 本馆介绍
  • 公告通知
  • 最新文献
  • 馆藏检索
  • 电子资源
  • 读者导购
  • 参考咨询
  • 我的图书馆
  • 登录
  • 详细信息显示
  • 放入我的书架
  • 预约/预借图书
  • 作者相关作品
  • 分类相关作品
  • 丛书相关作品
  • 出版社相关作品

书目信息

  • 表格格式
  • 工作单格式
  • 卡片格式
题名:
农历节气与农村节日
    
 
作者: 陈丙合 , 高新宇 编著
分册:  
出版信息: 北京   金盾出版社  2015
页数: 206页
开本: 21cm
丛书名:
单 册:
中图分类: S162 , K892.1
科图分类:
主题词: 二十四节气--er shi si jie qi--关系--节日--风俗习惯--基本知识--中国
电子资源:
ISBN: 978-7-5186-0516-3
000 01017nam0 22002531 450
001 0122100715
005 20170322105327.79
010    @a978-7-5186-0516-3@dCNY20.00
100    @a20151230d2015 em y0chiy50 ea
101 0  @achi
102    @aCN@b110000
105    @ay z 000yy
106    @ar
200 1  @a农历节气与农村节日@9nong li jie qi yu nong cun jie ri@f陈丙合,高新宇编著
210    @a北京@c金盾出版社@d2015
215    @a206页@d21cm
330    @a本书介绍了有关农历、农时与农村节日方面的知识。主要有农历的由来和相关历法知识,天干、地支的起源和运用知识;二十四节气的起源、含义、划分、气候特征以及与农业生产的关系;我国农村主要的农业节日和特有的民俗节日的来历、意义、特点和传说、故事等。帮助读者了解农历时节和农村节日文化知识。
606 0  @a二十四节气@9er shi si jie qi@x关系@x节日@x风俗习惯@x基本知识@y中国
690    @aS162@v5
690    @aK892.1@v5
701  0 @a陈丙合@9chen bing he@4编著
701  0 @a高新宇@9gao xin yu@4编著
801  0 @aCN@bTANGWEI@c20170308
905    @b0959046-9@dS162@e87@f4
    
    农历节气与农村节日/陈丙合,高新宇编著.-北京:金盾出版社,2015
    206页;21cm
    
    
    ISBN 978-7-5186-0516-3:CNY20.00
    本书介绍了有关农历、农时与农村节日方面的知识。主要有农历的由来和相关历法知识,天干、地支的起源和运用知识;二十四节气的起源、含义、划分、气候特征以及与农业生产的关系;我国农村主要的农业节日和特有的民俗节日的来历、意义、特点和传说、故事等。帮助读者了解农历时节和农村节日文化知识。
●
相关链接 在E读中查询图书 在五车中查询图书 在当当中查询图书 在豆瓣中查询图书


正题名:农历节气与农村节日     索取号:S162/87         预约/预借

序号 登录号 条形码 馆藏地/架位号 状态 备注
1 0959046   209590469   第二样本阅览室/ [索取号:S162/87] 在馆    
2 0959047   209590478   第三借阅区/ [索取号:S162/87] 在馆    
3 0959048   209590487   第三借阅区/ [索取号:S162/87] 在馆    
4 0959049   209590496   第三借阅区/ [索取号:S162/87] 在馆    
唐山师范学院图书馆 欢迎您!
大连网信软件有限公司© 版权所有